| 000 | 00551nam a2200181Ia 4500 | ||
|---|---|---|---|
| 008 | 240729s9999 xx 000 0 und d | ||
| 022 | _a2589-9481 | ||
| 245 | 0 | _aVascular Investigation and Therapy | |
| 260 | _aIndia | ||
| 260 | _bWolters Kluwer Medknow Publications | ||
| 650 | _a Diseases of the circulatory (Cardiovascular) system | ||
| 650 | _a Internal medicine | ||
| 650 | _a Specialties of internal medicine | ||
| 650 | _aMedicine | ||
| 856 | _uhttps://doaj.org/toc/5c400de474844cdbbcd4fe4142cf7ec8 | ||
| 942 | _2ddc | ||
| 942 | _cDOAJEJ | ||
| 999 |
_c66480 _d66480 |
||
| 945 |
_a1 _bMadushi Gamage _c1 _dMadushi Gamage |
||